Leading Carrot Producers - Statistics

General Stats
  • This quiz has been taken 27 times
  • The average score is 14 of 20
Answer Stats
Tons produced/year Answer % Correct
791,000 Germany
100%
534,000 France
96%
384,000 Spain
96%
830,000 United Kingdom
96%
2,259,000 United States
96%
21,483,000 China
92%
588,000 Japan
88%
1,559,000 Russia
88%
492,000 Italy
83%
678,000 Poland
79%
667,000 Turkey
79%
616,000 Netherlands
75%
869,000 Ukraine
75%
699,000 Indonesia
67%
412,000 Morocco
50%
420,000 Algeria
46%
504,000 Pakistan
42%
2,769,000 Uzbekistan
38%
370,000 Tajikistan
13%
604,000 Kazakstan
4%
No matching quizzes found
Score Distribution
Percent of People with Each Score
Percentile by Number Answered
Your Score History
You have not taken this quiz